Strom od jara do zimy /
Uloženo v:
| Hlavní autor: | |
|---|---|
| Další autoři: | |
| Médium: | Kniha |
| Jazyk: | Czech |
| Vydáno: |
Praha :
Euromedia Group, a.s.,
2021
|
| Vydání: | Vydání první |
| Edice: | Pikola (Euromedia)
|
| Témata: | |
| Celkem bylo vypůjčeno: | 15x |
| Tagy: |
Žádné tagy |
| LEADER | 02332nam a2200649 i 4500 | ||
|---|---|---|---|
| 001 | 100431 | ||
| 003 | CZ PrNK | ||
| 005 | 20230803180926.0 | ||
| 007 | ta | ||
| 008 | 210127s2021 xr a a 000 u cze | ||
| 015 | |a cnb003304353 | ||
| 020 | |a 9788024272887 |q (vázáno) : |c Kč 279,00 | ||
| 040 | |a OLA001 |b cze |d ABA001 |e rda | ||
| 041 | 1 | |a cze |h fre | |
| 072 | 7 | |a 58 |x Botanika |2 Konspekt |9 2 | |
| 072 | 7 | |a 0/9-053.2 |x Literatura pro děti a mládež (naučná) |2 Konspekt |9 26 | |
| 080 | |a 582.091 |2 MRF | ||
| 080 | |a 581.41 |2 MRF | ||
| 080 | |a 581.5 |2 MRF | ||
| 080 | |a 574.2:630 |2 MRF | ||
| 080 | |a "321/324" |2 MRF | ||
| 080 | |a (0.025.2) |2 MRF | ||
| 080 | |a (0.053.2) |2 MRF | ||
| 100 | 1 | |a Colas des Francs, Nicole, |d 1963- |7 pna2017962386 |4 ill |9 114450 | |
| 240 | 1 | 0 | |a Saisons de l'arbre. |l Česky |
| 245 | 1 | 0 | |a Strom od jara do zimy / |c ilustrace Nicole Colas des Francs |
| 250 | |a Vydání první | ||
| 264 | 1 | |a Praha : |b Euromedia Group, a.s., |c 2021 | |
| 300 | |a 18 nečíslovaných stran : |b barevné ilustrace ; |c 22 cm | ||
| 336 | |a text |b txt |2 rdacontent | ||
| 336 | |a statický obraz |b sti |2 rdacontent | ||
| 337 | |a bez média |b n |2 rdamedia | ||
| 338 | |a svazek |b nc |2 rdacarrier | ||
| 490 | 1 | |a Pikola | |
| 500 | |a Z francouzštiny přeložila Lucie Šavlíková | ||
| 500 | |a Kartonové listy s výřezy | ||
| 521 | 8 | |a Pro děti od 3 let | |
| 650 | 0 | 7 | |a stromy |7 ph116301 |2 czenas |
| 650 | 0 | 7 | |a morfologie rostlin |7 ph122985 |2 czenas |9 87991 |
| 650 | 0 | 7 | |a ekologie rostlin |7 ph119819 |2 czenas |
| 650 | 0 | 7 | |a lesní biotopy |7 ph136695 |2 czenas |
| 650 | 0 | 7 | |a roční období |7 ph125283 |2 czenas |
| 650 | 0 | 9 | |a trees |2 eczenas |
| 650 | 0 | 9 | |a plant morphology |2 eczenas |
| 650 | 0 | 9 | |a plant ecology |2 eczenas |
| 650 | 0 | 9 | |a forest biotopes |2 eczenas |
| 650 | 0 | 9 | |a seasons |2 eczenas |
| 655 | 7 | |a leporela |7 fd132727 |2 czenas |9 53691 | |
| 655 | 7 | |a publikace pro děti |7 fd133156 |2 czenas | |
| 655 | 9 | |a folding picture-books |2 eczenas | |
| 655 | 9 | |a children's literature |2 eczenas | |
| 700 | 1 | |a Šavlíková, Lucie, |d 1970- |7 jn19981002458 |4 trl |9 21506 | |
| 830 | 0 | |a Pikola (Euromedia) | |
| 910 | |a UOG502 | ||
| 942 | |2 ddc |c KN | ||
| 999 | |d 100431 | ||
| 993 | |0 0 |1 421180100831 |2 ddc |4 0 |6 58_000000000000000 |7 0 |9 90908 |b 0 |c 100831 |d 2023-08-03 |e 15 |f M |g 58 |h 279.00 |i Koupě |l M |m 6 |q 2026-05-26 |r 2026-04-14 |s 2026-04-14 |t 7 |w 2023-08-03 |y KN |z LEPO | ||